[Event "IECG CP.1999.P.00058"]
[Site "IECG email"]
[Date "1999.10.01"]
[Round "?"]
[White "Chambers, Chris L"]
[Black "Shah, Pankaj"]
[Result "1-0"]
[WhiteElo "1715"]
[BlackElo "800"]
[PlyCount "53"]
[EventDate "1999.10.01"]
[EventType "tourn (corr)"]
[EventRounds "6"]
[EventCountry "GER"]
[SourceTitle "Corr 2008"]
[Source "ChessBase"]
[SourceDate "2008.06.24"]
[SourceVersion "1"]
[SourceVersionDate "2008.06.24"]
[SourceQuality "1"]

1. e4 c5 2. Nf3 d6 3. d4 cxd4 4. Nxd4 e6 5. Nc3 Nc6 6. Be3 Nf6 7. f4 a6 8. Qf3 Be7 9. Rg1 0-0 10. 0-0-0 Bd7 11. g4 Ne8 12. g5 g6 13. h4 Ng7 14. Be2 f6 15. gxf6 Bxf6 16. h5 Nxh5 17. Qxh5 Rf7 18. Nxc6 bxc6 19. Rxd6 Qc7 20. e5 Be7 21. Rdd1 Rb8 22. Ne4 Rg7 23. Nf6+ Bxf6 24. exf6 Rf7 25. Rxg6+ hxg6 26. Qxg6+ Kf8 27. Bc5+ 1-0

[Event "IECG CP.1999.P.00058"]
[Site "IECG email"]
[Date "1999.10.01"]
[Round "?"]
[White "Kordts, Wolfgang"]
[Black "Shah, Pankaj"]
[Result "1-0"]
[WhiteElo "2206"]
[BlackElo "800"]
[PlyCount "51"]
[EventDate "1999.10.01"]
[EventType "tourn (corr)"]
[EventRounds "6"]
[EventCountry "GER"]
[SourceTitle "Corr 2008"]
[Source "ChessBase"]
[SourceDate "2008.06.24"]
[SourceVersion "1"]
[SourceVersionDate "2008.06.24"]
[SourceQuality "1"]

1. d4 d5 2. c4 Nf6 3. cxd5 Nxd5 4. e4 Nb6 5. Nc3 e6 6. Nf3 a6 7. Be3 Be7 8. Bd3 0-0 9. 0-0 Nc6 10. a3 Bd7 11. Re1 Re8 12. Qe2 f5 13. Qc2 Kh8 14. exf5 exf5 15. d5 Nb8 16. Bxb6 cxb6 17. Bxf5 Bxf5 18. Qxf5 Nd7 19. d6 Bf6 20. Rxe8+ Qxe8 21. Re1 Qd8 22. Nd5 h6 23. Nxf6 Nxf6 24. Ne5 Kg8 25. Qe6+ Kh7 26. Rc1 1-0

[Event "IECG CP.1999.P.00058"]
[Site "IECG email"]
[Date "1999.10.01"]
[Round "?"]
[White "Shah, Pankaj"]
[Black "Wredenberg, Daniel"]
[Result "0-1"]
[WhiteElo "800"]
[BlackElo "1398"]
[PlyCount "52"]
[EventDate "1999.10.01"]
[EventType "tourn (corr)"]
[EventRounds "6"]
[EventCountry "GER"]
[SourceTitle "Corr 2008"]
[Source "ChessBase"]
[SourceDate "2008.06.24"]
[SourceVersion "1"]
[SourceVersionDate "2008.06.24"]
[SourceQuality "1"]

1. d4 Nf6 2. c4 e6 3. Nc3 c5 4. e3 b6 5. Nf3 Bb7 6. Be2 Be7 7. 0-0 0-0 8. a3 d6 9. d5 exd5 10. Nxd5 Nxd5 11. cxd5 Bf6 12. e4 Nd7 13. Qc2 Qe7 14. Bf4 Rfe8 15. Bd3 c4 16. Qxc4 Nc5 17. Rae1 Ba6 18. Qc2 Bxd3 19. Qd1 Bxb2 20. Be3 Bxf1 21. Kxf1 Nxe4 22. Bd4 Bxd4 23. Qxd4 Rac8 24. g3 Rc2 25. Nh4 Nxg3+ 26. hxg3 Qxe1+ 0-1